Derecho turs̕tico en Colombia

Bibliographic Details
Main Author: Charria Garca̕, Fernando
Format: eBook
Language:Spanish
Published: Bogot:̀ Editorial vLex, 2007
Subjects:
Online Access:Acceso restringido

MARC

LEADER 00000nam a22000007a 4500
005 20200206112848.0
007 cr|||| ||||
008 200206s2007 co |||||s|||| 00||0 spa d
035 |a 31074 
040 |a vLex 
090 |c 10126  |d 10126 
100 1 |a Charria Garca̕, Fernando 
245 1 0 |a Derecho turs̕tico en Colombia  |h [Recurso electrn̤ico] /  |c Fernando Charria Garca̕ 
256 |a Servicio en ln̕ea 
260 |a Bogot:̀  |b Editorial vLex,  |c 2007 
300 |a 1 recurso electrn̤ico 
506 1 |a Disponible solo en los productos indicados  |d vLex Global  |d vLex Global (Academic Edition, excluding Law Schools)  |d vLex Global (U.S. Academic Edition, Law Schools)  |d vLex Global (U.S. Academic Edition, excluding Law Schools)  |d vLex Global (Academic Edition, Law Schools) 
650 0 4 |a Derecho Pb︢lico y Administrativo  |z Colombia 
740 0 |a vLex Libros (Servicio en ln̕ea) 
856 4 0 |u http://vlex.com/source/derecho-turistico-en-colombia-31074  |z Acceso restringido 
942 |c BOOK 
999 0 |a Public and Administrative Law